| 000 | 01554nam a2200409 c 4500 | ||
|---|---|---|---|
| 999 |
_c51341 _d51341 |
||
| 001 | 51341 | ||
| 003 | ES-MaCES | ||
| 005 | 20191009114445.0 | ||
| 008 | 191009s2019 sp l 000 ||spa d | ||
| 017 |
_aM 11976-2019 _bDL |
||
| 020 | _a9788417794156 | ||
| 040 |
_aES-MaCES _bspa _cES-MaCES |
||
| 245 | 0 | 0 |
_aDerecho Social de la Unión Europea _b: aplicación por el Tribunal de Justicia _c[obra resultado de un estudio técnico cedido a] Francis Lefebvre ; [dirs., María Emilia Casas Baamonde, Román Gil Alburquerque ; coords., Ignacio García-Perrote Escartín ... et al.] |
| 250 | _a2ª ed. rev. y act. | ||
| 260 |
_aMadrid _bLefebvre-El Derecho _c2019 |
||
| 300 |
_a1611 p. _c24 cm |
||
| 500 | _aAnexo cronológico de sentencias citadas: p. 1377-1611 | ||
| 504 | _aBibliografía | ||
| 541 | _cCompra | ||
| 650 | 4 |
_aderecho del trabajo _927165 |
|
| 650 | 4 |
_aderecho comunitario _929866 |
|
| 650 | 4 |
_aUE _926752 |
|
| 650 | 4 |
_alegislación del trabajo _927166 |
|
| 650 | 4 |
_aDirectiva de la CE _929873 |
|
| 650 | 4 |
_aTribunal de Justicia CE _929490 |
|
| 650 | 4 |
_ajurisprudencia _928624 |
|
| 650 | 4 |
_aaplicación _929859 |
|
| 650 | 4 |
_aderecho jurisprudencial _929863 |
|
| 653 | 1 | 0 | _aDerecho comunitario |
| 700 | 1 |
_99200 _aCasas Baamonde, María Emilia _edir. |
|
| 700 | 1 |
_913345 _aGil Alburquerque, Román _edir. |
|
| 700 | 1 |
_913032 _aGarcía-Perrote Escartín, Ignacio _ecoord. |
|
| 710 | 2 |
_92636 _aEdiciones Francis Lefebvre |
|
| 830 | 0 |
_aColección Tribunal Supremo _934594 |
|
| 902 | _aLIB Libro | ||
| 942 |
_2CES _cBK _h6.0.5. |
||